The Law of Possibilities: (Record no. 189446)

MARC details
000 -LEADER
fixed length control field 00591nam a22001817a 4500
005 - DATE AND TIME OF LATEST TRANSACTION
control field 20220701104323.0
010 ## - LCCN (DPL NO)
LC control number ENG-132966
020 ## - INTERNATIONAL STANDARD BOOK NUMBER
International Standard Book Number 9789352805723
Terms of availability 395.00
035 ## - SYSTEM CONTROL NUMBER
System control number EN-116498
037 ## - SOURCE OF ACQUISITION
Source of stock number/acquisition DBAD/PUB
082 ## - DEWEY DECIMAL CLASSIFICATION NUMBER
Classification number 158
100 ## - MAIN ENTRY--PERSONAL NAME
Personal name Rosting, Anne-Mette
245 ## - TITLE STATEMENT
Title The Law of Possibilities:
Remainder of title How To get What You Want/
Statement of responsibility, etc Anne-Mette Rosting
260 ## - PUBLICATION, DISTRIBUTION, ETC. (IMPRINT)
Place of publication, distribution, etc New Delhi
Name of publisher, distributor, etc Sage Publications India Pvt. Ltd
Date of publication, distribution, etc 2018
270 ## - ADDRESS
Address B1/I-1, Mohan Cooperative Industrial Area Mathura Road
City New Delhi
Postal code 110044
300 ## - PHYSICAL DESCRIPTION
Extent 196p.
Dimensions 22cm(pbk)
942 ## - ADDED ENTRY ELEMENTS (KOHA)
Source of classification or shelving scheme Dewey Decimal Classification
Item type English Books
Classification part 158
Call number suffix ROS
Holdings
Withdrawn status Lost status Not for loan Collection code Home library Current library Date acquired Source of acquisition Cost, normal purchase price Full call number Barcode Copy number Cost, replacement price Koha item type
      Non-fiction Ashok Vihar Ashok Vihar 01/07/2022 DBAD/PUB 395.00 158 ROS EN-116498 1 395.00 English Books

© Delhi Public Library
Hit Counter
free hit counter